Famous European Politicians - Statistics

General Stats
  • This quiz has been taken 1,097 times
  • The average score is 6 of 10
Answer Stats
Question Answer % Correct
Bonaparte Napoleon France
91%
Franco Francisco Spain
88%
Enver Hoxha Albania
61%
Josip Tito Croatia
61%
Joseph Stalin Georgia
61%
Nikita Khrushchev Russia
59%
Adolf Hitler Austria
55%
Wilhelmina Helena Netherlands
55%
Haakon VII Denmark
17%
Józef Piłsudski Lithuania
12%
No matching quizzes found
Score Distribution
Percent of People with Each Score
Percentile by Number Answered
Your Score History
You have not taken this quiz